[Event "Yeovil Minor op"]
[Site "Yeovil"]
[Date "2007.06.17"]
[Round "4"]
[White "Aldwin, Brian"]
[Black "Billett, Stephen"]
[Result "0-1"]
[WhiteElo "1248"]
[BlackElo "1072"]
[PlyCount "114"]
[EventDate "2007.06.15"]
[EventType "swiss"]
[EventRounds "5"]
[EventCountry "ENG"]
[SourceTitle "CBM 119 Extra"]
[Source "ChessBase"]
[SourceDate "2007.09.04"]
[SourceVersion "1"]
[SourceVersionDate "2007.09.04"]
[SourceQuality "1"]

1. d4 Nf6 2. Nf3 b6 3. c4 e6 4. Nc3 Bb7 5. Bg5 Be7 6. Bxf6 Bxf6 7. e4 d6 8. Bd3 g6 9. 0-0 Nd7 10. Re1 0-0 11. Qd2 Bg7 12. Re2 Nf6 13. d5 exd5 14. exd5 c6 15. Rae1 cxd5 16. cxd5 Rc8 17. Bb1 Nd7 18. Nb5 Ba6 19. Bd3 Nc5 20. Re3 Nxd3 21. Qxd3 Qd7 22. a4 Bxb2 23. Re7 Qg4 24. Rxa7 Qxa4 25. Nxd6 Bxd3 26. Rxa4 Rcd8 27. Rd1 Be2 28. Rd2 Bxf3 29. gxf3 Bc3 30. Rd3 Rxd6 31. Rxc3 Rxd5 32. Rb4 b5 33. Kg2 Rb8 34. f4 Kg7 35. h4 h5 36. Kf3 Rb7 37. Ke4 Rf5 38. f3 Kf6 39. Rc6+ Ke7 40. Rc3 Kd6 41. Rd4+ Ke6 42. Rc6+ Ke7 43. Rd2 b4 44. Rb2 b3 45. Rc3 Rb4+ 46. Kd3 Rfxf4 47. Rbxb3 Rxf3+ 48. Ke2 Rxc3 49. Rxc3 Rf4 50. Re3+ Kf6 51. Rh3 Kf5 52. Ke3 Kg4 53. Rh2 Kg3 54. Rh3+ Kxh3 55. Kxf4 Kxh4 56. Kf3 Kh3 57. Kf4 Kg2 0-1

[Event "Yeovil Minor op"]
[Site "Yeovil"]
[Date "2007.06.17"]
[Round "5"]
[White "Presneill, Brett"]
[Black "Aldwin, Brian"]
[Result "0-1"]
[WhiteElo "1112"]
[BlackElo "1248"]
[PlyCount "72"]
[EventDate "2007.06.15"]
[EventType "swiss"]
[EventRounds "5"]
[EventCountry "ENG"]
[SourceTitle "CBM 119 Extra"]
[Source "ChessBase"]
[SourceDate "2007.09.04"]
[SourceVersion "1"]
[SourceVersionDate "2007.09.04"]
[SourceQuality "1"]

1. e4 e5 2. Nf3 Nf6 3. Nc3 Nc6 4. Bc4 Bc5 5. 0-0 0-0 6. a3 a6 7. b4 Ba7 8. Bb2 d6 9. Nd5 Nxe4 10. Re1 Bxf2+ 11. Kh1 Bxe1 12. Qxe1 Nf6 13. Qg3 Be6 14. Nxf6+ Qxf6 15. Be2 Qg6 16. Qf2 Qxc2 17. Bc3 Qg6 18. Rd1 f5 19. d4 exd4 20. Nxd4 Nxd4 21. Bxd4 Bd5 22. Rd3 Rf7 23. Rh3 f4 24. Bf3 Qb1+ 25. Qg1 Qxg1+ 26. Kxg1 Bxf3 27. Rxf3 Re8 28. Kf2 g5 29. a4 Rfe7 30. Bc3 Re2+ 31. Kf1 R2e3 32. Bf6 Rxf3+ 33. gxf3 Re3 34. Kg2 Kf7 35. Bxg5 Re2+ 36. Kh3 Ke6 0-1

[Event "Beacon Seniors op"]
[Site "Exmouth"]
[Date "2006.11.15"]
[Round "3"]
[White "Adams, David J"]
[Black "Aldwin, Brian"]
[Result "1-0"]
[WhiteElo "1592"]
[BlackElo "1248"]
[PlyCount "69"]
[EventDate "2006.11.13"]
[EventType "swiss"]
[EventRounds "5"]
[EventCountry "ENG"]
[SourceTitle "EXT 2008"]
[Source "ChessBase"]
[SourceDate "2007.11.25"]
[SourceVersion "1"]
[SourceVersionDate "2007.11.25"]
[SourceQuality "1"]

1. c4 e5 2. Nc3 Nf6 3. Nf3 d6 4. d4 exd4 5. Nxd4 Be7 6. e4 0-0 7. Bd3 Nbd7 8. 0-0 Ne5 9. Be2 c6 10. b3 Be6 11. f4 Bg4 12. fxe5 Bxe2 13. Qxe2 dxe5 14. Nf5 Bc5+ 15. Kh1 Qc7 16. Bg5 Be7 17. Nxe7+ Qxe7 18. Qf3 h6 19. Bxf6 gxf6 20. Qxf6 Qxf6 21. Rxf6 Kg7 22. Rd6 f5 23. Rad1 f4 24. Rd7+ Rf7 25. Rxf7+ Kxf7 26. Rd7+ Ke6 27. Rh7 b6 28. Rxh6+ Kd7 29. Nd1 a5 30. Nf2 Rg8 31. Nd3 Re8 32. Kg1 Re7 33. Kf2 Re8 34. c5 b5 35. Rh5 1-0

[Event "Beacon Seniors op"]
[Site "Exmouth"]
[Date "2006.11.13"]
[Round "1"]
[White "Aldwin, Brian"]
[Black "Jones, Robert H"]
[Result "0-1"]
[WhiteElo "1248"]
[BlackElo "1568"]
[PlyCount "144"]
[EventDate "2006.11.13"]
[EventType "swiss"]
[EventRounds "5"]
[EventCountry "ENG"]
[SourceTitle "EXT 2008"]
[Source "ChessBase"]
[SourceDate "2007.11.25"]
[SourceVersion "1"]
[SourceVersionDate "2007.11.25"]
[SourceQuality "1"]

1. e4 c5 2. Nf3 d6 3. c3 b6 4. d4 Bb7 5. d5 Nd7 6. c4 g6 7. Nc3 Bg7 8. Bd2 Ngf6 9. Rb1 0-0 10. Be2 Ne8 11. a3 Nc7 12. 0-0 a6 13. b3 b5 14. a4 b4 15. Na2 a5 16. Nc1 Bc8 17. Nd3 Nb6 18. e5 Bf5 19. Bf4 Ne8 20. Qd2 Qc7 21. Bh6 Bxd3 22. Bxd3 dxe5 23. Bxg7 Kxg7 24. Rfe1 f6 25. Re2 Nd7 26. Bc2 Nd6 27. Rbe1 Nf7 28. Qd3 f5 29. Nh4 e4 30. Qg3 Qxg3 31. hxg3 Nfe5 32. f4 Ng4 33. Bxe4 fxe4 34. Rxe4 Ra6 35. Nf3 h6 36. Rxe7+ Rf7 37. R7e4 Ndf6 38. Re7 Ra7 39. Rxf7+ Kxf7 40. Ne5+ Nxe5 41. fxe5 Ne8 42. e6+ Ke7 43. Rf1 Nd6 44. Kf2 Ra8 45. Ke2 Rf8 46. Rh1 Nf5 47. Kd3 h5 48. g4 Ng7 49. Ke4 Rf2 50. Re1 hxg4 51. Ke5 Rf5+ 52. Ke4 Nh5 53. Kd3 Nf6 54. d6+ Kxd6 55. e7 Re5 56. e8N+ Nxe8 57. Rf1 Re6 58. Rf4 Nf6 59. g3 Ke5 60. Ke3 Rd6 61. Ke2 Rd4 62. Rf2 Ne4 63. Rf8 Nxg3+ 64. Ke3 Nf5+ 65. Ke2 Kf4 66. Rc8 Re4+ 67. Kf2 g3+ 68. Kg2 Re2+ 69. Kf1 g2+ 70. Kxe2 g1Q 71. Kd2 Qd4+ 72. Kc2 Qc3+ 0-1

[Event "Beacon Seniors op 50+"]
[Site "Exmouth"]
[Date "2005.11.14"]
[Round "1"]
[White "Hurn, Robert AJ"]
[Black "Aldwin, Brian"]
[Result "0-1"]
[WhiteElo "1560"]
[BlackElo "1200"]
[PlyCount "96"]
[EventDate "2005.11.14"]
[EventType "swiss"]
[EventRounds "5"]
[EventCountry "ENG"]
[SourceTitle "EXT 2007"]
[Source "ChessBase"]
[SourceDate "2006.11.23"]
[SourceVersion "1"]
[SourceVersionDate "2006.11.23"]
[SourceQuality "1"]

1. e4 e5 2. Nf3 d6 3. d4 exd4 4. Nxd4 Nf6 5. Nc3 c6 6. Be2 Be7 7. 0-0 0-0 8. Be3 Nbd7 9. Nf5 Ne5 10. Nxe7+ Qxe7 11. f3 Be6 12. b3 b5 13. Qe1 Rfd8 14. Rd1 Qc7 15. Kh1 Rd7 16. Bg5 Ne8 17. Qg3 f6 18. Bc1 Rad8 19. f4 Nf7 20. f5 Bxb3 21. axb3 Ne5 22. Bb2 Qa5 23. Ra1 Qb6 24. Qf2 Qb8 25. Rfd1 Nc7 26. Rxa7 c5 27. Raa1 b4 28. Nd5 Nxd5 29. Rxd5 Ra7 30. Qe1 Rdd7 31. Rdd1 Kf8 32. Rxa7 Rxa7 33. Rxd6 Qxd6 34. h3 Rd7 35. Bc1 Qd4 36. Qh4 Kg8 37. Kh2 Ra7 38. Qh5 Ra8 39. Qh4 Ra2 40. Qh5 Qd8 41. Bd3 Qb8 42. Kh1 Ra1 43. Qd1 Qa8 44. Bc4+ Nxc4 45. bxc4 h6 46. Kh2 Qxe4 47. Qd8+ Kh7 48. Bxh6 Qe5+ 0-1